000 00335nam a22001457a 4500
005 20160628155235.0
008 160628b xxu||||| |||| 00| 0 eng d
041 _aeng
082 _b10792
245 _aJournal of Statistics & Mgt. Systems
260 _bTara Publication
300 _a1398
650 _aManagement
_9241
942 _cBK
999 _c4548
_d4547